Gallegos Famosos - Muerte Súbita - Estadísticas

Estadísticas generales
  • Esta prueba ha sido intentada 302 veces
  • La puntuación promedio es 7 de 15
Answers on the Grid
Answers color-coded by a green-red scale on the quiz's grid according to % correct below.
Alfonso X el Sabio
Amancio Ortega
Ana Peleteiro
Benito Pérez Galdós
Carmen Posadas
Castelao
David Broncano
Emilia Pardo Bazán
Fernando Pessoa
Francisco Franco
Gervasio Deferr
Javier Bardem
José Luis Martínez Almeida
Luis Piedrahita
Luis Suárez Miramontes
Luis Tosar
Luis Zahera
Luz Casal
María Pita
Miguel Delibes
Nadia Calviño
Ramón María del Valle-Inclán
Rodrigo Cuevas
Rosalía de Castro
Salma Paralluelo
Santi Cazorla
Santiago Ramón y Cajal
Vicente Risco
Víctor Manuel
Yago Lamela
 
Estadísticas de respuestas
Respuesta % Correcto
Ana Peleteiro
82%
Francisco Franco
66%
Rosalía de Castro
55%
Emilia Pardo Bazán
51%
Luis Tosar
49%
Luis Zahera
47%
Luz Casal
46%
Castelao
45%
María Pita
43%
Luis Piedrahita
41%
David Broncano
38%
Nadia Calviño
34%
Vicente Risco
33%
Ramón María del Valle-Inclán
31%
Luis Suárez Miramontes
24%
No se encontraron pruebas coincidentes
Distribución de puntuación
Porcentaje de gente con cada puntuación
Porcentaje por número respondido
Historial de tus puntuaciones
No has intentado esta prueba.